[Event "Rubinstein Memorial 34th"]
[Site "Polanica Zdroj"]
[Date "1997.??.??"]
[Round "2"]
[White "Ehlvest, Jaan"]
[Black "Gelfand, Boris"]
[Result "0-1"]
[WhiteElo "2610"]
[BlackElo "2695"]
[Annotator "Gelfand,B"]
[PlyCount "126"]
[EventDate "1997.08.19"]
[EventType "tourn"]
[EventRounds "11"]
[EventCountry "POL"]
[EventCategory "16"]
[SourceTitle "CBM 061"]
[Source "ChessBase"]
[SourceDate "1997.11.23"]
[SourceVersion "1"]
[SourceVersionDate "1997.11.23"]
[SourceQuality "1"]

1. d4 {Hazai. Ftacnik Ftacnik} Nf6 2. c4 g6 3. Nc3 Bg7 4. e4 d6 5. f3 O-O 6.
Be3 c5 7. dxc5 dxc5 8. Qxd8 Rxd8 9. Bxc5 Nc6 10. Nd5 Nd7 {Hazai: This tactical
endgame is Gelfand's favourite. He has got an excellent score with it showing
that Black has good counterchances on the queenside.} 11. Bxe7 (11. Nxe7+ {
Hazai} Nxe7 12. Bxe7 Bxb2 $11) 11... Nxe7 12. Nxe7+ Kf8 13. Nd5 {Hazai: White
has to keep his N on d5, otherwise his position may collapse soon.} (13. Nxc8
$6 {Ftacnik} Bxb2 14. Rb1 Bc3+ 15. Kf2 Bd4+ $1 16. Ke1 Raxc8 $17) 13... Bxb2
14. Rb1 (14. Rd1 $5 {Ftacnik} Nc5 (14... Bg7 15. Nh3) (14... Nb6 $1 {Hazai} 15.
Bd3 Be6 16. Ne2 Rac8 17. Rd2 Ba3 18. Rc2 Bd7 $44 {/\ Ba4 Lobron-Glek, Tilburg
1994}) 15. Ne2 b6 16. Nec3 Ba6 17. Be2 Ne6 18. Rd2 Bxc3 19. Nxc3 Rd4 20. Rxd4
Nxd4 21. Bd3 Rc8 22. Kd2 Nc6 23. Nd5 Ne5 24. Rc1 Nxc4+ 25. Ke2 {1/2-1/2 Muir,
A-Rowson,J/SCO-ch 1994 (38)}) 14... Bg7 {'!' Hazai.} (14... Ba3 {Ftacnik} 15.
Nh3 b6 16. Be2 Ne5 17. Nf2 Bb7 18. f4 Nc6 19. h4 Nd4 20. Rh3 Rac8 21. h5 Bxd5
22. cxd5 Rc2 23. Bd3 Rxa2 24. Bc4 Rc2 25. Rxa3 Rxc4 26. Rxa7 {1-0 Karpov,
An-Polgar,J/Roquebrune 30' (11)/1992 (43)}) 15. h4 {Practically untried move.I
have to admit that I didn`t get an idea completely during the game and Jaan
managed to to put both Knight and Rook in the game successfully.(pay attention
to position after 24th move)} (15. Ne2 $5 Nc5 {'!' Hazai.} 16. Nc1 (16. Nef4
Bd7 17. Be2 Rac8 $44) (16. Nec3 $5) (16. Nec3 $5 {Ftacnik}) 16... Be6 17. Nd3
Rac8 $1 $44 18. Be2 $6 Na4 $1 {Gheorghiu,F-Gelfand,B/Palma de Mallorca (GMA)
48/780 1989 (36)}) (15. Nh3 {was played few times by Karpov.} Nc5 16. Nf2 Be6 (
16... b6 17. h4 h5 $1 $146 (17... Ba6 18. h5 Rac8 19. Ng4 Nd7 20. hxg6 hxg6 21.
Rb4 Bb7 22. Nge3 Bd4 23. Kd2 Kg7 24. Be2 $14 {Karpov,An-Ivanchuk,V/Monaco
blind/1993/}) 18. Be2 Ba6 19. O-O Rac8 20. Rfc1 Be5 $44 21. g4 hxg4 22. Nxg4
Bd4+ 23. Kf1 Kg7 {1/2-1/2 Karpov,An-Romero Holmes,A/Leon (05)/1993 (50)}) (
16... f5 17. Be2 fxe4 (17... Bd4 18. Rd1 Bxf2+ 19. Kxf2 fxe4 20. Nc7 Rxd1 21.
Rxd1 Rb8 22. Rd8+ Ke7 23. Rh8 h5 24. Ke3 exf3 25. Bxf3 b6 26. Nb5 a5 27. Na7
Kd7 28. g4 {1-0 Karpov,An-Gallati,M/Zuerich sim 1988}) 18. Nxe4 Nxe4 19. fxe4
Bd4 20. Rd1 Bc5 21. Rf1+ Kg7 22. Rd3 Be6 23. Rb3 Rab8 24. a4 Bd6 25. h3 b6 {
Rjazantsev,A-Naidictch,A/EU-chJM U10 Verdun (04) 1995/1/2-1/2 (54)}) 17. Nd3
Rac8 (17... Rac8 $1 $44 {(Hazai) Black's threat is to attack the weak Pa2 via
the sixth rank.}) 18. Be2 Na4 19. N3f4 g5 20. Nh5 Bc3+ $1 21. Kf1 Bd4 (21...
Be5 $5) 22. h4 Bxd5 (22... h6 23. hxg5 hxg5 24. Nhf6 $132) 23. exd5 $2 {
0-1 Gheorghiu,F-Gelfand,B/Palma de Mallorca (GMA)/1989 (36)} (23. cxd5 Nc3 24.
Rb4 $8 Be5 25. hxg5 Nxa2 26. Rb1 Nc3 27. Re1 Nxe2 28. Rxe2 Rc1+ 29. Re1 Rdc8
30. Kf2 R8c2+ 31. Ke3 Rc3+ 32. Kf2 Rxe1 33. Rxe1 a5 34. Rd1 $1 $13)) 15... Nb6
{A new move,which my opponent didn t expect.Black are starting their
counterplay and let White do what they want.} (15... Nc5 16. Nh3 (16. h5 g5 $44
{Vogt,L}) (16. g4 f5 $1 17. exf5 gxf5 18. g5 Be6 19. Rd1 Na4 $15 {Dragomarecki,
E-Hait,A,USSR,1991}) 16... f5 (16... Be6 $5 {Hazai} 17. Nhf4 (17. Ng5 h6 18.
Nxe6+ fxe6) 17... Rac8 $11 {White cannot take on e6, because then the strong
d5N has to leave.}) 17. Be2 fxe4 18. Ng5 e3 19. Nxh7+ Kg8 20. Nhf6+ Kf7 21. Ne4
Bf5 22. Ng5+ Kg8 23. Rb5 {1-0 Labuckas,A-Martinkus,R/Radviliskis op (06) ;EXT
95op2 1995 (34)}) 16. h5 (16. Nxb6 $6 {Ftacnik} axb6 17. Ne2 Rxa2 18. Rxb6 h5
$15) 16... Be6 (16... Bd7 $5) 17. Nh3 (17. hxg6 {Ftacnik} hxg6 18. Nh3 Rac8 19.
Nhf4 Bxd5 20. Nxd5 Rc6 21. g3 Nxc4 22. Rxb7 Nb6 $14) 17... Rac8 (17... Bxh3 $5
18. Rxh3 Rac8 19. f4 (19. Nxb6 $6 axb6 20. Rxb6 Ra8 (20... Bc3+ $5)) 19... Nxc4
20. h6 $13 {would lead to unclear position with about equal chances.}) 18. Ng5
(18. Nhf4 {Ftacnik} g5 $1 (18... Nxc4 $2 19. Rxb7 $16) 19. Nxe6+ fxe6 20. Nxb6
Bc3+ 21. Ke2 axb6 22. Rxb6 Ra8 $11) 18... Bxd5 (18... Nxc4 19. Nxh7+) 19. cxd5
(19. exd5 {Ftacnik} h6 20. Ne4 g5 $11) 19... Rc2 20. Bd3 (20. Be2 Bc3+ 21. Kf1
h6 22. Nh3 g5 $44 {White`s Knight and Rook are out of the game and that`s why
I prefer Black`s position.}) (20. Nxh7+ {Ftacnik} Ke7 21. hxg6 Bc3+ 22. Kd1
Rd2+ 23. Kc1 Rc8 24. Rb5 Bb4+ 25. Kb1 Ba3 $15) 20... Bc3+ (20... Rxg2 $6 21.
Nxh7+ Kg8 22. hxg6 fxg6 (22... Rxg6 23. f4) 23. f4 $1) 21. Kf1 Rd2 {Ftacnik:
Black puts his faith in attack, since the pieces of his opponent are rather
badly coordinated. Black puts his faith in attack, since the pieces of his
opponent are rather badly coordinated. Ftacnik: Schwarz setzt auf Angriff,
weil die Krafte seines Gegners sind schlecht koordiniert. Schwarz setzt auf
Angriff, weil die Krafte seines Gegners sind schlecht koordiniert.} 22. hxg6 $1
{I missed this strong intermediate move.} (22. Bb5 h6 23. Nh3 g5 24. a4 Bd4 {
with full compensation}) (22. Nxh7+ {Ftacnik} Kg7 23. hxg6 Rxd3 24. gxf7 Kxf7
25. Ng5+ Kg8 $13) 22... hxg6 (22... Rxd3 23. gxf7 Ke7 24. Ne6) 23. Be2 Rxa2 24.
f4 $1 (24. Rh7 {Ftacnik} Bg7 25. f4 Kg8 $11) 24... Kg8 $1 {Black got his pawn
back, but White developed all his pieces, including Rh1. His position looks
very promising and if he will manage to push e5 and d6, Black would behopeless.
However, Black has his counterchances and neither during the game, neither in
post-mortem, neither in home analysis, I managed to find a clear advantage for
White. But I wouldn`be suprised, if somebody of the readers would succeed.} 25.
Rd1 (25. Rc1 Bd2) (25. Rh3 Bf6 26. Nf3 (26. Nh7 Be7 27. g4 (27. f5 gxf5 28.
Rbb3 Ra1+ 29. Bd1 f4) 27... Rc8 28. g5 Rcc2 29. Rh2 Na4 $13) 26... Be7 27. Rc1
(27. Ne5 Rc8) 27... a5 (27... Na4 28. Ne5 Ba3 29. Rb1 Nc5 30. Bc4) 28. Ne5 a4
29. Rc7 Bd6 30. Rxb7 Rb8 31. Ra7 $140 Nxd5 $1) 25... Bf6 26. Nf3 (26. Kf2 {
Ftacnik} Na4 $17) 26... Be7 27. Rh3 (27. g4 {Ftacnik} Na4 $36) 27... Na4 (27...
a5 $5) 28. Ne5 (28. Bc4 Ra3 (28... Rb2 29. Ne5 Nc5)) (28. Nd4 Bb4 29. Bc4 Rb2)
28... Nc5 {This is a critical moment of the game.White has a big choice, but
after a long thought the Estonian grandmaster commits a mistake. Hazai: [#]}
29. Bc4 $2 (29. Nxg6 $1 {is forcing a draw} fxg6 (29... Bf6 30. e5 fxg6 31.
exf6 Kf7 (31... Ne4 $5) 32. f5 $5 Kxf6 33. fxg6 Kxg6 $13) 30. d6 Ra4 {'!'
Hazai.} (30... Rxd6 31. Rxd6 Rxe2 32. Rxg6+ Kf7 $14) 31. dxe7 Rxd1+ 32. Bxd1
Rxe4 33. Bc2 $11 (33. Bc2 {Hazai} Rxe7 34. Bxg6 $11)) (29. Nxf7 $5 Kxf7 30. d6
Rxe2 {'!' Hazai.} 31. Kxe2 (31. Rh7+ Kg8 32. dxe7 Re8 $1 33. Rd8 Kxh7 34. Rxe8
Rxe4 $19) 31... Rxd6 32. Rh7+ Kf8 (32... Ke6) 33. Rxd6 Bxd6 34. e5 $11 {
It looks like that this ending should be drawn as well}) (29. Re3 Bd6 (29... a5
$15 {Ftacnik}) (29... a5 $15 {Ftacnik}) 30. g3 Bxe5 31. fxe5 Ra4 32. Bf3 b6 $15
) 29... Ra4 30. d6 (30. Re1 {Ftacnik} Bd6 31. Rc3 a6 $17) 30... Rxd6 31. Bxf7+
(31. Rxd6 {Ftacnik} Bxd6 32. Nxf7 Bxf4 33. Bd5 Kg7 $17) 31... Kg7 32. Re1 (32.
Rxd6 Bxd6 33. Bd5 Nxe4 (33... b6 $5) (33... b5 34. Re3 a5 $17) 34. Bxb7 Nc5 35.
Bc6 (35. Bf3 {Ftacnik} Rxf4 36. Nc6 Ra4 $17) 35... Rxf4+ 36. Nf3 $17) 32...
Nxe4 $1 {It is importrant to keep an active Rook a4 in the board.Next moves
were made time-trouble,so maybe not the best moves were made by both sides.} (
32... Rxe4 33. Rxe4 Nxe4 34. Bxg6 Rxg6 35. Nxg6 Kxg6 36. g4 $11) 33. Be8 (33.
Bxg6 Rxg6 34. Nxg6 Kxg6 35. g4 Bd6 $17) 33... Nd2+ 34. Kg1 (34. Ke2 {Ftacnik}
Rxf4 35. Bxg6 Nc4 36. Rh7+ Kf6 37. Nxc4 Re6+ 38. Ne3 Kxg6 $19) 34... Re4 (34...
Rxf4 35. Nxg6 (35. Nxg6 {Ftacnik} Rxg6 36. Rxe7+ Kf8 37. Rxb7 $16)) 35. Rc1 (
35. Rxe4 {Ftacnik} Nxe4 36. g4 Rf6 $17) 35... Bd8 (35... Rxf4 36. Rc7 Kf6 (
36... Re6 37. Nxg6 Re1+ 38. Kh2 Rf7) 37. Nxg6 Rf1+ 38. Kh2) 36. Rc8 (36. Rg3 {
Ftacnik} g5 37. Nf7 Bb6+ 38. Kh2 Rd5 $19) 36... Bb6+ 37. Kh2 (37. Kh1 {Ftacnik}
Re1+ 38. Kh2 Nf1+ 39. Kh1 Ne3+ 40. Kh2 Rd2 $19) 37... Nf1+ 38. Kh1 Re1 {
The time trouble leads directly to less precise play. The time trouble leads
directly to less precise play. Die Zeitnotphase fuehrt zum Ungenauichkeiten.
Die Zeitnotphase fuehrt zum Ungenauichkeiten.} (38... Rd1 $5) (38... Rd1 $1 {
Ftacnik} 39. Rb8 (39. Bxg6 Rxe5 40. Bc2 Nd2+ 41. Bxd1 (41. Kh2 Ree1 (41... Bg1+
42. Kg3 Re3+ $19)) 41... Re1+ 42. Kh2 Nf1+ 43. Kh1 Rxd1 $19) 39... Rxf4 40.
Rxb7+ Kf6 41. Nd7+ Kg5 42. Nxb6 Ne3+ 43. Kh2 Ng4+ 44. Kg3 Rd3#) 39. Nf3 (39.
Rb8 Nd2+ (39... Ne3+ {Ftacnik} 40. Kh2 Rd2 41. Rxb7+ Kf6 42. Bc6 $15) 40. Kh2
Bg1+ 41. Kg3 Ne4+ 42. Kh4 Nc5 $17 (42... Rb1 43. Bf7 $5) (42... g5+ 43. fxg5
Nc5 44. Nf3) 43. Bf7 $140 Rxe5) 39... Ng3+ 40. Kh2 Nf1+ 41. Kh1 Ra1 (41... Rb1
$5) (41... Rb1 $1 {Ftacnik} 42. Rb8 Bf2 $19) 42. Ng5 (42. Rb8 $1 {Ftacnik} Ng3+
43. Kh2 Nf1+ (43... Nh5 44. Rxb7+ Kh6 $2 (44... Kf6 45. Rf7+ Ke6 46. f5+ Kd5
47. fxg6 $18) 45. Rxh5+ $1 gxh5 46. Ng5 $18) 44. Kh1 $13) 42... Ng3+ (42...
Ne3+ 43. Kh2 Ng4+ 44. Kg3 Nf6) 43. Kh2 Nf1+ 44. Kh1 Ng3+ 45. Kh2 Nh5 {White
has to give up an exchange,as their King is in mating net.} 46. Rxh5 (46. Rf3 {
Ftacnik} Rdd1 47. Kh3 Rh1+ 48. Kg4 Rag1 49. Bxg6 Kxg6 (49... Rxg2+ 50. Kf5 Ng3+
$2 51. Rxg3 Rxg3 52. Ne6+ Kh6 53. Rh8#) 50. Rg8+ Ng7 51. g3 Rd1 $19) (46. Rb8 {
Ftacnik} Bg1+ 47. Kh1 Be3+ 48. Kh2 Bxf4+ $19) 46... gxh5 {'-+' Hazai.} 47. Rb8
(47. Bxh5 Rh6 48. g4 Rc6 $19) 47... Rb1 48. Bxh5 (48. Rxb7+ {Ftacnik} Kf8 49.
Rd7 Bc5 50. Ne4 Bg1+ 51. Kg3 Re6 $19) 48... Be3 49. Kg3 (49. g3 {Ftacnik} Rh6
$19) 49... Rb4 $6 {I relaxed too early and made few inaccurate moves.} (49...
Rf6 50. Nh3 Rf8 {was winning on spot}) 50. Nh3 Rf6 51. Bf3 Bxf4+ $6 (51... b6)
52. Nxf4 Rbxf4 (52... Rfxf4 53. Ra8 $1 (53. Rxb7+ {Ftacnik} Rxb7 54. Kxf4 Rb4+
$19) 53... Ra4 54. Bd1) 53. Rxb7+ Rf7 54. Rb8 Rf8 55. Rb2 a5 56. Ra2 R4f5 57.
Kf2 (57. Kg4 {Ftacnik} Rc5 $19) 57... Re5 58. Ra4 Rb8 59. Rc4 Rb2+ 60. Kg3 Rb4
61. Rc6 a4 62. Ra6 Re3 63. Kf2 (63. Kh3 {Ftacnik} Rc3 {0-1 Ehlvest,J-Gelfand,B/
Rubinstein mem 34th 1997/CBM 61/[Ftacnik]}) 63... Rc3 0-1

[Event "Las Vegas op"]
[Site "Las Vegas"]
[Date "1999.04.??"]
[Round "?"]
[White "Novikov, Igor A"]
[Black "Smirin, Ilia"]
[Result "0-1"]
[WhiteElo "2601"]
[BlackElo "2652"]
[Annotator "Smirin,I"]
[PlyCount "78"]
[EventDate "1999.??.??"]
[EventType "swiss"]
[EventRounds "1"]
[EventCountry "USA"]
[SourceTitle "CBM 070"]
[Source "ChessBase"]
[SourceDate "1999.06.08"]
[SourceVersion "1"]
[SourceVersionDate "1999.06.08"]
[SourceQuality "1"]

1. d4 {Tyomkin,D} Nf6 2. c4 g6 3. Nc3 Bg7 4. e4 d6 5. f3 O-O 6. Bg5 a6 7. Qd2
Nc6 8. Nge2 Rb8 9. d5 Ne5 10. Ng3 c6 11. Be2 b5 (11... Bd7 $2 12. f4 Neg4 13.
h3 h6 14. Bh4 $16 {Polugaevsky}) 12. cxb5 cxd5 $1 (12... cxb5 13. O-O $14 Bd7
14. Kh1 Rc8 15. f4 Nc4 16. Bxc4 Rxc4 17. e5 Ng4 $6 18. exd6 f6 19. dxe7 Qxe7
20. Rae1 Qd8 21. Bh4 $16 {1-0 Kostin,S-Rogovoi,M/Smolensk RUS 1997 (37)}) 13.
exd5 $5 $146 {New way to play with white in this line.In old one black got
clear compensation by many ways:} (13. Bxf6 Bxf6 14. Nxd5 Bg7 $44 {Pair of
bishops in open position and advantage in development give black clear
compensation for sacrificed pawn.} 15. a4 (15. f4 Nd7 16. a4 h5 (16... Nc5 17.
Ra3 $13) 17. Ra3 h4 18. Nf1 Nc5 19. Qc2 f5 $36 {1-0 Panno,O-Kunitz,K/Buenos
Aires ,EXT 1995 (28)}) 15... axb5 16. axb5 Be6 (16... Bd7 $6 17. f4 (17. Qa5 e6
18. Qxd8 Rfxd8 19. Nc3 d5 20. exd5 exd5 21. Nxd5 Bxb5 22. Rd1 {1/2-1/2
Gruenberg,R-Portisch,F/Hamburg 1984 (22)}) 17... Ng4 18. Qa5 Qe8 19. Rd1 h5 20.
O-O $14 {1/2-1/2 Sadler,M-Vogt,L/Altensteig 1992/Inf 55 (28)}) (16... e6 17.
Nc3 h5 18. Rd1 Rb6 19. Na4 Rb7 20. b6 h4 21. Nf1 h3 22. g3 Bd7 23. Qxd6 Qa8 $44
24. Nc3 Bc6 25. Qc5 Rc8 26. Qe3 Qa5 27. Nd2 Bf8 28. Qd4 Bg7 29. Qe3 Bf8 {
1/2-1/2 Peytaitis,G-Minelga,A/cr LIT cup 1995 (29)}) 17. O-O Bxd5 18. Qxd5 (18.
exd5 $1 Qb6+ 19. Kh1 Rfc8 20. Rac1 $16) 18... e6 19. Qa2 d5 20. exd5 exd5 21.
f4 Nc4 22. Bxc4 {1/2-1/2 Polugaevsky,L-Nunn,J/Plovdiv 1983/Inf 35 (22)}) 13...
axb5 14. Nxb5 Bb7 15. Bxf6 $6 {missing the black answer.} (15. Nc3 Ba8 16. O-O
$140 $2 Qb6+) 15... exf6 $1 ({White expected for:} 15... Bxf6 16. Ne4 Bg7 17.
O-O {getting the advantage.}) 16. f4 (16. O-O Qb6+ 17. Kh1 Rfc8 $36 {[%csl Rd5]
[%cal Ge5c4,Gc8c5,Yf6f5]}) 16... Nd7 17. f5 $5 (17. Nxd6 $6 f5 18. Nxb7 Rxb7
$17) (17. O-O f5 $44 {[%csl Gg7]}) 17... Qb6 {holding the white king in the
center.} 18. Ne4 (18. O-O-O $2 Ba6 19. Nc3 Bh6 $19) 18... Ba6 $1 {[%mdl 512]
Another pawn sacrifice,but the much more importent thing is the activity of
pieces.} (18... Rfe8 19. Nbxd6 $1 (19. Nexd6 $2 Re5 20. Nc4 Rxe2+ $19) 19...
Re7 20. Nc4) 19. Nbxd6 Ne5 $1 20. b3 (20. a4 Bxe2 21. Kxe2 (21. Qxe2 Qa5+ 22.
Kf1 (22. Nc3 $2 Rxb2) (22. Qd2 Nd3+ 23. Ke2 $2 Rxb2) 22... Qxd5 $17) 21... Rbd8
22. Nb5 Rfe8 $17) (20. Bxa6 Qxa6 $36 {[%cal Ge5d3,Gf8d8]}) 20... Rfd8 21. Nc4
$2 (21. Bxa6 $142 Qxa6 22. Qe2 $1 (22. Rd1 Bf8 $1 23. Nxf6+ Kh8 $19) 22... Rxd6
23. Nxd6 Qxd6 24. O-O Qxd5 $15) 21... Nxc4 (21... Bxc4 22. bxc4 Bf8 23. Kf1)
22. bxc4 Re8 23. c5 $8 {other moves let black to develope decisive initiative:}
(23. Qd3 Re5 $19 (23... gxf5)) (23. Ng3 Bxc4 $19 {[%csl Re1]}) 23... Qa7 24.
O-O $8 Rxe4 25. Bxa6 Qxa6 {In compensation for the piece white got two passed
pawns in the center.} 26. Rfe1 (26. d6 Re2 27. Qd5 Rbb2) 26... gxf5 27. Rac1 (
27. c6 Bf8) (27. d6 Qc6) 27... Qa3 $1 {[%cal Gb8b2]} 28. d6 Rb2 29. Qd5 Rbe2 $1
{That is the point! Black gets the attack over the white king another time in
this game!} 30. Rxe2 $8 (30. Rf1 Qb2) 30... Qxc1+ 31. Kf2 Qf4+ 32. Ke1 Rd4 $19
{White king is defendless.} 33. Qa8+ (33. Qf3 Qc1+ 34. Kf2 Qxc5 35. Re8+ Bf8
36. Qg3+ Rg4+) 33... Bf8 34. Qa3 Qxh2 {[%cal Rh2g1]} 35. Qe3 Re4 36. Qf2 Rf4
37. Qe3 Bh6 38. Qe8+ (38. d7 Qh1+ 39. Kd2 Rd4+ {and black is on time.}) 38...
Kg7 39. Kd1 Qg1+ 0-1

[Event "Solin 7th"]
[Site "Solin"]
[Date "1999.12.15"]
[Round "3"]
[White "Morovic Fernandez, Ivan"]
[Black "Smirin, Ilia"]
[Result "0-1"]
[WhiteElo "2608"]
[BlackElo "2671"]
[Annotator "Hazai,L"]
[PlyCount "76"]
[EventDate "1999.12.10"]
[EventType "tourn"]
[EventRounds "9"]
[EventCountry "CRO"]
[EventCategory "13"]
[SourceTitle "CBM 075"]
[Source "ChessBase"]
[SourceDate "2000.04.05"]
[SourceVersion "1"]
[SourceVersionDate "2000.04.05"]
[SourceQuality "1"]

1. d4 Nf6 2. c4 g6 3. Nc3 Bg7 4. e4 d6 5. f3 O-O 6. Bg5 a6 7. Qd2 Nc6 8. Nge2
Rb8 9. Rd1 {This is a lesser known positional try mostly against an early
b7-b5.} (9. h4 {is the aggressive main line.}) (9. Nc1 {leads to quiet
positional play.}) 9... b5 $6 (9... h5 {/\ Nh7} 10. Nc1 {This is the solid
continuation.} (10. d5 $143 $6 {gives up the flexibility of the [+] and the N
gets a strong place on e5.} Ne5 11. Nd4 (11. Ng3 $6 {puts the N on a bad
square.} Nh7 12. Be3 h4) (11. Nc1 c6 12. Be2 b5 $13) 11... c5 12. Nc2 $6 {
The N is rather badly placed here.} (12. dxc6 {however gives up White's strong
[+].} Nxc6 13. Nxc6 (13. Be3 $5) 13... bxc6 14. c5 Qa5 $36) (12. Nb3 {is again
not a very promising square for the N.}) 12... b5 $1 {Black wants to get a
very good Benko type of position. This is the typical P sacrifice here to get
the |^ on the <<.} 13. cxb5 axb5 14. Nxb5 (14. Bxb5 Rxb5 15. Nxb5 Nc4 16. Qe2
Qa5+ 17. Kf2 Nxb2 (17... Qxb5 $6 18. b3 $16) 18. Rb1 Ba6 19. Rxb2 Nxe4+ 20.
fxe4 Bxb2 21. Ne3 Bd4 $36 {Yusupov}) 14... Nh7 $5 $36 (14... Bd7 15. a4 Ra8 16.
b3 c4 17. Bxc4 Nxc4 18. bxc4 Rxa4 19. Nb4 Bxb5 (19... Qa5 $6 20. Nc6 Qxd2+ 21.
Kxd2 Bxc6 22. dxc6 Rxc4 23. Rc1 $14) 20. cxb5 Qa5 21. Nc6 Qxb5 22. Nxe7+ Kh7
$44) 15. Be3 f5 $1 16. exf5 Bxf5 17. a4 {(Yusupov-Zueger, Altensteig 1993)} e6
$1 {blowing up the whole structure.} 18. dxe6 Qh4+ 19. Bf2 Qxa4 20. Ne3 (20.
Nca3 c4 $17) 20... Rxb5 21. Bxb5 Qxb5 22. Nxf5 Rxf5 $1 {/\} 23. Qxd6 Nxf3+ 24.
gxf3 Re5+ $19 {Yusupov}) 10... Nh7 (10... e5 11. Nb3 $14) 11. Be3 e5 12. Nb3
$14) (9... e5 {is again too straightforward.} 10. d5 $14) (9... Bd7 $1 {
Black has to make also preparatory moves.} 10. Nc1 (10. e5 {is answered by} Ne8
{and White cannot hold his [+] anymore.}) 10... e5 11. dxe5 (11. Nb3 $2 {
forgets about the long /^.} exd4 12. Nxd4 Nxd4 13. Qxd4 h6 14. Bxf6 Bxf6 $15) (
11. d5 {is already met by} Nd4 $13) 11... Nxe5 {Since White gave up the [+],
Black can organize a counterplay against >< c4.} 12. Be2 Be6 13. b3 c6 14. O-O
(14. Qxd6 $2 Qxd6 15. Rxd6 {runs into} Ne8 16. Rd1 Nxf3+) 14... Qa5 15. Nd5
Qxd2 16. Nxf6+ Bxf6 17. Bxd2 c5 $11 {Kutirov-Sutovsky, Struga 1995}) 10. d5 (
10. Nc1 {seems to be a bit slow.} bxc4 (10... e5 $5) 11. Bxc4 Na5 12. Be2 c6
13. b3 $14 {Delaune-Olesen, Philadelphia 1993}) (10. cxb5 axb5 11. d5 Ne5 (
11... Na5 {- 10.d5}) 12. Nd4 b4 13. Ncb5 Bd7 14. Qxb4 {This is a brave
decision.} (14. Rc1 Rb7 15. Nc6 Bxc6 16. dxc6 Rb6 17. Qxb4 Nxc6 18. Qd2 Qb8 19.
b3 Rxb5 20. Rxc6 Rb6 21. Rxb6 Qxb6 22. Be3 c5 $11 {I.Sokolov-Bukic,Portoroz
1993}) 14... c5 15. dxc6 Nxc6 16. Nxc6 Bxc6 17. a4 Qb6 18. Qd2 d5 19. Be3 Qb7
20. e5 Nd7 21. f4 $14 {and White has finally consolidated his position,
Kutirov-Rashkovsky, Strumica 1995.}) 10... Na5 (10... Ne5 11. cxb5 axb5 {
- 10.cxb5}) 11. cxb5 axb5 12. Nd4 b4 13. Ncb5 e5 14. Nc2 (14. dxe6 {gives up
the [+] for nothing.} fxe6) 14... h6 15. Be3 (15. Bxh6 $143 $6 Nxe4 $1) (15.
Qxb4 $143 hxg5 16. Qxa5 g4 $44) 15... b3 16. Na1 $6 {The N looks really awful
here.} ({It is hard to see any real compensation after} 16. Qxa5 bxc2 17. Rc1
Nxe4 (17... Ne8 18. Rxc2 f5 19. Bd3 $16 {is rather simple.}) 18. fxe4 (18. Qxc7
{unnecessarily complicates the matters:} Qh4+ 19. g3 Nxg3 20. hxg3 (20. Bf2
Qb4+) 20... Qxh1 21. Qxb8 Bh3) 18... Qh4+ 19. Kd2 $1 {Simple and strong. Other
alternatives are less encouraging:} (19. Bf2 Qxe4+ 20. Be2 Qxg2 21. Rg1 Qxd5
$132) (19. g3 Qxe4 20. Kf2 Qxd5 $132 ({and not} 20... Qxh1 21. Bg2 Qxh2 22. Rh1
)) 19... Qxe4 20. Nc3 Qg4 21. h3 $16) 16... Nxe4 $1 {[#] Black grabs his
chances fishing in troubled waters.} 17. Qxa5 $2 {White loses the control
irreversibily.} (17. fxe4 $1 {was the last chance, for example:} Qh4+ 18. g3 (
18. Qf2 Qxe4 19. Nc3 Qb4 20. Nxb3 Nxb3 21. axb3 Qxb3 22. Bc1 f5 $14) 18... Qxe4
19. Bg2 Qc4 (19... Qa4 $2 20. Nc3 $18) 20. Na7 (20. Na3 Qa4 21. axb3 Nxb3 22.
Nxb3 Rxb3 23. O-O Ba6 24. Rfe1 Rfb8 $44) (20. Nc3 Bg4 (20... bxa2 21. Bf1 Qb4
22. Nxa2) 21. Bf1 (21. Rc1 bxa2 22. Bf1 Qb4 23. Nxa2 Qxd2+ 24. Bxd2 Rxb2 $44)
21... Qb4 $44) (20. Bf1 Qe4 $11 {with repetition of moves.}) 20... bxa2 (20...
Ba6 $2 21. Nc6 $1 (21. Rc1 Qa4 22. Nc6 Nc4 23. Rxc4 Bxc4 24. Nxb8 Rxb8) 21...
Nxc6 22. axb3 $18) 21. Nxc8 Rfxc8 22. Qxa5 Rxb2 23. Bd2 Rcb8 $40) 17... Qh4+
18. g3 (18. Ke2 bxa2 $40) 18... Nxg3 19. Bf2 Qh5 20. hxg3 (20. Bxg3 Qxf3 21.
Rg1 $2 Qe3+ $19) 20... Qxh1 21. Nxb3 Bh3 $1 {Now Black has an irresistable ->.}
22. Ke2 (22. Nd2 Bxf1 23. Nxf1 Qxf3 $40) 22... e4 $1 {Black opens up the lines
and diagonals against the K in the middle.} 23. Nd2 (23. Bxh3 Qxf3+ 24. Ke1 e3
25. Bg1 Be5 $1 $19) 23... exf3+ 24. Kd3 (24. Nxf3 Bg4) 24... Bf5+ $19 25. Kc4
Qh2 26. Bd4 Bd7 27. a4 Bxb5+ 28. axb5 Bxd4 29. Kxd4 Rfe8 30. Kc3 Qxg3 31. Kc2
Qf4 32. Bd3 f2 33. Rf1 Ra8 34. Qc3 Re1 35. Qxc7 Raa1 36. Qd8+ Kg7 37. b6 Rac1+
(37... Qa4+ $1) 38. Kb3 Qxd2 0-1